Who's who in economics : a bibliographical dictionary of major economists 1700-1986
Saved in:
| Other Authors: | |
|---|---|
| Format: | Book |
| Language: | English |
| Published: |
Sussex :
Wheatsheaf Books,
c1986
|
| Edition: | 2nd ed. |
| Subjects: | |
| Tags: |
Add Tag
No Tags, Be the first to tag this record!
|
MARC
| LEADER | 00000nam a2200000 i 4500 | ||
|---|---|---|---|
| 001 | 1/35839 | ||
| 008 | 960917s1986 eng d | ||
| 020 | |a 0-7450-0230-7 | ||
| 035 | |l 10024372 | ||
| 040 | |a GR-MY-UA |b gre |e aacr | ||
| 041 | 0 | |a eng | |
| 082 | 0 | |a Π 330.092 | |
| 245 | 1 | 0 | |a Who's who in economics : |b a bibliographical dictionary of major economists 1700-1986 / |c [edited by] Mark Blaug |
| 250 | |a 2nd ed. | ||
| 260 | |a Sussex : |b Wheatsheaf Books, |c c1986 | ||
| 300 | |a xxiii, 936 p. | ||
| 650 | 0 | 0 | |a Economists |x Biography. |
| 650 | 0 | 0 | |a Economics |x History. |
| 700 | 1 | |a Blaug, Mark. |4 edt | |
| 852 | |a INST |b CHIOS |e 19960917 |h 330.092 WHO |p 005200011773 |q 005200011773 |t REF |y 23 | ||
| 909 | |a Χ |b 018705 | ||